Itinerarios de Piedad en Barcelona / (Record no. 70916)

MARC details
000 -LEADER
campo de control de longitud fija 00515nam a2200157 i 4500
001 - NÚMERO DE CONTROL
campo de control 70916
003 - IDENTIFICADOR DE NÚMERO DE CONTROL
campo de control ES-MaACL
005 - FECHA Y HORA DE LA ÚLTIMA TRANSACCIÓN
campo de control 20230906170950.0
007 - CAMPO FIJO DE DESCRIPCIÓN FÍSICA--INFORMACIÓN GENERAL
campo de control de longitud fija t|
008 - DATOS DE LONGITUD FIJA--INFORMACIÓN GENERAL
campo de control de longitud fija 040804s1952 sp ||||1| spa d
100 1# - ENTRADA PRINCIPAL--NOMBRE DE PERSONA
Nombre de persona Garrut, Josep María.
9 (RLIN) 55789
245 10 - MENCIÓN DEL TÍTULO
Título Itinerarios de Piedad en Barcelona /
Mención de responsabilidad, etc. Josep M. Garrut ; presentación de M. Trens.
260 ## - PUBLICACIÓN, DISTRIBUCIÓN, ETC.
Lugar de publicación, distribución, etc. Barcelona :
Nombre del editor, distribuidor, etc. Aymá,
Fecha de publicación, distribución, etc. [1952] (
Fabricante Aleu y Domingo)
300 ## - DESCRIPCIÓN FÍSICA
Extensión 228 p., 105 lám. :
Otras características físicas il. ;
Dimensiones 18 cm +
Material acompañante/anejo 10 plan. pleg.
852 ## - LOCALIZACIÓN
Ubicación ES-MaACL
Número de control de estantería D-8335
Sublocalización o colección R.32742
Holdings
Estatus retirado Estado de pérdida Estado de daño No para préstamo Biblioteca de origen Biblioteca actual Ubicación en estantería Fecha de adquisición Fuente de adquisición Total de préstamos Signatura topográfica completa Código de barras Visto por última vez Precio de reemplazo Tipo de ítem Koha
        Biblioteca del Ateneo de Madrid Biblioteca del Ateneo de Madrid Sala Valle Inclán 17/01/2008     D-8335 901074263 23/02/2023 23/02/2023 Libro impreso